<?xml version="1.0" encoding="UTF-8"?>
<record
    xmlns:xsi="http://www.w3.org/2001/XMLSchema-instance"
    xsi:schemaLocation="http://www.loc.gov/MARC21/slim http://www.loc.gov/standards/marcxml/schema/MARC21slim.xsd"
    xmlns="http://www.loc.gov/MARC21/slim">

  <leader>01855nam a2200193 a 4500</leader>
  <controlfield tag="008">180206e2000    sp ||||g |||| 00| 0 spa d</controlfield>
  <datafield tag="020" ind1=" " ind2=" ">
    <subfield code="a">849214310X</subfield>
  </datafield>
  <datafield tag="041" ind1=" " ind2=" ">
    <subfield code="a">spa</subfield>
  </datafield>
  <datafield tag="092" ind1=" " ind2=" ">
    <subfield code="c">808</subfield>
    <subfield code="l">29</subfield>
    <subfield code="s">GIB</subfield>
  </datafield>
  <datafield tag="100" ind1="1" ind2=" ">
    <subfield code="a">Gibr&#xE1;n, Khalil Gibr&#xE1;n</subfield>
    <subfield code="9">4199</subfield>
  </datafield>
  <datafield tag="245" ind1="3" ind2=" ">
    <subfield code="a">El profeta /</subfield>
    <subfield code="c">Gibr&#xE1;n Khalil Gibr&#xE1;n</subfield>
  </datafield>
  <datafield tag="250" ind1=" " ind2=" ">
    <subfield code="a">1a ed.</subfield>
    <subfield code="b">Traducci&#xF3;n y pr&#xF3;logo Juan Cruz Mart&#xED;nez, Ilustraciones originales de Gibr&#xE1;n Khalil Gibr&#xE1;n</subfield>
  </datafield>
  <datafield tag="260" ind1=" " ind2=" ">
    <subfield code="a">Madrid:</subfield>
    <subfield code="b">Alba;</subfield>
    <subfield code="c">2000.</subfield>
  </datafield>
  <datafield tag="300" ind1=" " ind2=" ">
    <subfield code="a">141 p.</subfield>
  </datafield>
  <datafield tag="500" ind1=" " ind2=" ">
    <subfield code="a">Gibr&#xE1;n, K. G. (2000). El profeta. (1a ed.). Madrid : Alba.</subfield>
  </datafield>
  <datafield tag="505" ind1=" " ind2=" ">
    <subfield code="a">Una de las obras maestras de la literatura universal es "El profeta". En la voz de Almustaf&#xE1; El Profeta se encierra la esencia &#xFA;ltima del pensamiento po&#xE9;tico de Khalil Gibr&#xE1;n, poeta liban&#xE9;s emigrado a estados Unidos y perseguidor errante de la verdad y la belleza, en cuya personalidad se produce la prodigiosa s&#xED;ntesis del Oriente y el Occidente fertilizados por la sensibilidad de un autor subyugante.
Cada relectura arrojar&#xE1; un nuevo valor, cada imagen evocada adquirir&#xE1; un nuevo perfil. Siempre hay algo nuevo y sorprendente en las densas y breves p&#xE1;ginas en las que se concentra el verbo creador de poeta liban&#xE9;s. Y es &#xE9;sta la raz&#xF3;n por la que "El Profeta" fue desde un primer momento un cl&#xE1;sico predestinado a la inmortalidad.
A trav&#xE9;s de un di&#xE1;logo entre un profeta y los habitantes de su pueblo, Gibr&#xE1;n evoca cuestiones que van desde el amor, el matrimonio, el comer y el beber hasta el trabajo, la alegr&#xED;a, el dolor, la libertad&#x2026; El autor liban&#xE9;s, en cuyo pensamiento m&#xED;stico confluyeron el cristianismo, el islam, el juda&#xED;smo y la teosof&#xED;a, plantea un espiritualismo libre de dogmas y una filosof&#xED;a universal, que nos acerca a lo fundamental y nos invita a repensar los valores que gobiernan nuestras vidas.</subfield>
  </datafield>
  <datafield tag="655" ind1=" " ind2=" ">
    <subfield code="a">Literatura</subfield>
    <subfield code="9">2917</subfield>
  </datafield>
  <datafield tag="942" ind1=" " ind2=" ">
    <subfield code="2">ddc</subfield>
    <subfield code="c">LIT</subfield>
  </datafield>
  <datafield tag="999" ind1=" " ind2=" ">
    <subfield code="c">3170</subfield>
    <subfield code="d">3170</subfield>
  </datafield>
  <datafield tag="952" ind1=" " ind2=" ">
    <subfield code="0">0</subfield>
    <subfield code="1">0</subfield>
    <subfield code="2">ddc</subfield>
    <subfield code="4">0</subfield>
    <subfield code="7">0</subfield>
    <subfield code="a">BFM</subfield>
    <subfield code="b">BFM</subfield>
    <subfield code="c">CR</subfield>
    <subfield code="d">2023-08-02</subfield>
    <subfield code="e">Donaci&#xF3;n Julio 2023.</subfield>
    <subfield code="l">0</subfield>
    <subfield code="o">808 29 GIB</subfield>
    <subfield code="p">4862</subfield>
    <subfield code="r">2023-08-02</subfield>
    <subfield code="t">Ej. 1</subfield>
    <subfield code="w">2023-08-02</subfield>
    <subfield code="y">LIT</subfield>
    <subfield code="z">Donaci&#xF3;n Julio 2023. Proyecto 4to Libro.</subfield>
    <subfield code="f"></subfield>
  </datafield>
</record>
